LEADER 01331nam a22002531i 4500 001 991003153429707536 005 20040611180243.0 008 040624s1959 fr |||||||||||||||||grc 035 $ab13031697-39ule_inst 035 $aARCHE-098937$9ExL 040 $aDip.to Beni Culturali$bita$cA.t.i. Arché s.c.r.l. Pandora Sicilia s.r.l. 082 04$a885.01 100 0 $aDemosthenes$0167473 245 10$aSur la paix ; Seconde philippique ; Sur l'halonnèse ; Sur les affaires de la Chersonèse ; Troisième philippique ; Quatrième philippique ; Lettre de Philippe ; Réponse a Philippe sur le traité avec Alexandre /$cDémosthène ; texte établi et traduit par Maurice Croiset 260 $aParis :$bLe belles lettres,$c1959 300 $a183 p. ;$c21 cm 440 0$aHarangues ;$v2 700 1 $aCroiset, Maurice 907 $a.b13031697$b02-04-14$c12-07-04 912 $a991003153429707536 945 $aLE001 TA DEMO 2$g1$i2001000096817$lle001$nV. 2. - C. 1$o-$pE0.00$q-$rl$s- $t0$u1$v0$w1$x0$y.i13647350$z12-07-04 996 $aSur la paix ; Seconde philippique ; Sur l'halonnèse ; Sur les affaires de la Chersonèse ; Troisième philippique ; Quatrième philippique ; Lettre de Philippe ; Réponse a Philippe sur le traité avec Alexandre$9287623 997 $aUNISALENTO 998 $ale001$b12-07-04$cm$da $e-$fgrc$gfr $h0$i1 LEADER 03518nam 2200673 a 450 001 9910964705603321 005 20251117064032.0 010 $a9786612357114 010 $a9781282357112 010 $a1282357115 010 $a9780520929999 010 $a0520929993 024 7 $a10.1525/9780520929999 035 $a(CKB)1000000000798978 035 $a(EBL)470917 035 $a(OCoLC)609850057 035 $a(SSID)ssj0000313012 035 $a(PQKBManifestationID)11211959 035 $a(PQKBTitleCode)TC0000313012 035 $a(PQKBWorkID)10358060 035 $a(PQKB)10259146 035 $a(MiAaPQ)EBC470917 035 $a(MdBmJHUP)muse30729 035 $a(DE-B1597)520144 035 $a(DE-B1597)9780520929999 035 $a(Au-PeEL)EBL470917 035 $a(CaPaEBR)ebr10676166 035 $a(CaONFJC)MIL235711 035 $a(Perlego)550406 035 $a(iGPub)CSPLUS0077425 035 $a(EXLCZ)991000000000798978 100 $a20050127d2006 uy 0 101 0 $aeng 135 $aur|n|---||||| 181 $ctxt 182 $cc 183 $acr 200 10$aWave-swept shore $ethe rigors of life on a rocky coast /$ftext by Mimi Koehl ; photographs by Anne Wertheim Rosenfeld 205 $a1st ed. 210 $aBerkeley $cUniversity of California Press$d2006 215 $a1 online resource (192 p.) 300 $aDescription based upon print version of record. 311 08$a9780520238121 311 08$a0520238125 320 $aIncludes bibliographical references and index. 327 $aPlace and scale -- Water and life on the shore -- Waves -- Flow, force, and fracture -- Transport -- Stranded, high and dry -- Changes -- Stepping back. 330 $aTake a close look at a wave-battered coast and you will discover a rich, fascinating, and remarkably brutal environment. Here, animals and plants exposed to wind, sun, and rain at low tide must cope with crashing waves as the seas rise to submerge them each day at high tide. How do living things survive in this harsh zone? With 87 stunning color photographs and an engaging text written for those with little or no knowledge of marine biology or physics, this book tells the story of one stretch along the Pacific coast of North America-introducing the mussels, limpets, crabs, grasses, starfish, kelp, and other animals and plants that live there, and explaining how they function and flourish in an environment of waves, sand, and rocks.In pictures and words, Wave-Swept Shore explains complex phenomena, such as wave action, using simple, intuitive analogies. It explores how the forms of animals and plants affect their survival in this harsh environment, considers their distribution on the shore, and looks at their seasonal variations, focusing on what can be easily observed by visitors to the coast. Revealing the rich variety of habitats woven into what may at first look like a fairly uniform environment, the book, an effective and beautiful tool for learning about the edge of oceans everywhere, opens our eyes to the wonders of rocky shores and introduces a whole new way of looking at the natural world. 606 $aIntertidal ecology 615 0$aIntertidal ecology. 676 $a577.69/9 700 $aKoehl$b Mimi$f1948-$01896103 701 $aRosenfeld$b Anne Wertheim$f1951-$01896104 801 0$bMiAaPQ 801 1$bMiAaPQ 801 2$bMiAaPQ 906 $aBOOK 912 $a9910964705603321 996 $aWave-swept shore$94550417 997 $aUNINA